00358nam a22001337a 450000500170000000800410001704100120005808200120007010000120008224500270009426000470012130000310016865000250019920240729124315.0240729b |||||||| |||| 00| 0 eng d aEnglish a349 SUP lEnglish aSupreme Court Reports  aCape Town: bJuta and Company Ltd, c1901  bxliii, 482 pages; c25 cm. aLegal practice bLaw